000 00870nam a2200121Ia 4500
008 220620s9999||||xx |||||||||||||| ||und||
245 0 _aPost-Digital, Post-Internet Art and Education
_bThe Future is All-Over
546 _aEnglish[eng]
650 _aCreativity and Arts Education||Media and Communication||Audio-Visual Culture||Education, general||Digital/New Media||Media Culture||Visual Culture||Culture and Technology||Media Education||Digital and New Media||Digital Learning||Art Education||Post-Internet Art||Post-Digital Art||Digital Media||Open Access||Teaching of a specific subject||The Arts||Media studies||Performing arts||Cultural studies||Education||Media studies: Internet, digital media & society
700 _aTavin, Kevin||Kolb, Gila||Tervo, Juuso
856 _uhttps://library.oapen.org/bitstream/20.500.12657/50036/1/978-3-030-73770-2.pdf
942 _cEB
999 _c29234
_d29234